000 00850nam a2200277 i 4500
001 C2-0323351
003 PPAK
005 20180728121949.0
008 131024s my a|||| ||||| | may d
020 _a9789673717163
040 _aPPAK
_beng
_cPPAK
_erda
082 0 4 _a006.754
_223
090 0 0 _a006.754
_bJUJ
_dG
100 1 _aJuju, Dominikus,
_eauthor
245 1 0 _aStep by step twitter
264 1 _aKuala Lumpur :
_bSynergy Media ,
_c[date of publication not identified]
300 _a200 pages :
_billustrations ;
_c21 cm
336 _2rdacontent
_atext
337 _2rdamedia
_aunmediated
338 _2rdacarrier
_avolume
490 1 _aSiri buku mahir jaringan sosial
650 1 0 _aOnline social networks.
700 0 _aHassan Noor ; Siti Nur Akma Ahmad,
_eeditor
830 0 _aSiri buku mahir jaringan sosial
942 _ddc
_cB
999 _c123444
_d123444